Arsenal All-Time Starting XI - Statistics

General Stats
  • This quiz has been taken 320 times
  • The average score is 7 of 13
Answer Stats
Position Player % Correct
FW (1999-2007) Thierry Henry
98%
Coach (1996-2018) Arsène Wenger
90%
FW (1995-2006) Dennis Bergkamp
87%
GK (1990-2003) David Seaman
81%
MF (2000-06) Robert Pires
70%
DF (1983-2002) Tony Adams
67%
FW (1991-98) Ian Wright
58%
12th player (2003–2011) Cesc Fàbregas
57%
MF (1996-2005) Patrick Viera
44%
DF (1988–2002) Lee Dixon
42%
DF (1984-86/93-2004) Martin Keown
36%
MF (1973–1980) Liam Brady
11%
DF (1980-88) Kenny Sansom
5%
No matching quizzes found
Score Distribution
Percent of People with Each Score
Percentile by Number Answered
Your Score History
You have not taken this quiz